Проектирование электроснабжения цехов обогатительных фабрик Учебное пособие
Изложены вопросы расчета электрического освещения построения схем электроснабжения цехов расчета электрических нагрузок токов короткого замыкания выбора трансформаторов кабельных линий и шинопроводов электрооборудования. Приведены расчеты релейной защиты защиты от од- нофазных замыканий на землю пер...
Salvato in:
| Autore principale: | |
|---|---|
| Natura: | Учебное пособие |
| Edizione: | 1 |
| Accesso online: | https://znanium.com/catalog/document?id=262094 https://znanium.com/cover/0511/511087.jpg |
| Tags: |
Aggiungi Tag
Nessun Tag, puoi essere il primo ad aggiungerne! !
|
| LEADER | 02104nam0a2200289 i 4500 | ||
|---|---|---|---|
| 001 | RU\infra-m\znanium\bibl\511087 | ||
| 003 | https://znanium.com/catalog/document?id=262094 | ||
| 005 | 20210421000000.0 | ||
| 010 | |a 978-5-7638-3023-1 | ||
| 100 | |a 20210421d2015 m y0rusy0150 ca | ||
| 101 | 0 | |a rus | |
| 102 | |a RU | ||
| 200 | 1 | |a Проектирование электроснабжения цехов обогатительных фабрик |e Учебное пособие | |
| 205 | |a 1 | ||
| 210 | 1 | |a Красноярск |c Сибирский федеральный университет |d 2014 | |
| 215 | |a 304 с. | ||
| 330 | |a Изложены вопросы расчета электрического освещения построения схем электроснабжения цехов расчета электрических нагрузок токов короткого замыкания выбора трансформаторов кабельных линий и шинопроводов электрооборудования. Приведены расчеты релейной защиты защиты от од- нофазных замыканий на землю перенапряжений зануления и заземления электроустановок. Даны справочно-информационные материалы. | ||
| 333 | |a ВО - Бакалавриат | ||
| 606 | |a Промышленность. Энергетика |x Электроэнергетика. Электротехника |2 local | ||
| 608 | |a Учебное пособие |2 local | ||
| 675 | |a 621 |z rus | ||
| 686 | |a 312 |2 rubbk | ||
| 700 | 1 | |a Герасимов |b А. | |
| 701 | 1 | |a Кузьмин |b С.В. |g Сергей | |
| 801 | 0 | |a RU |b Общество с ограниченной ответственностью «ЗНАНИУМ» |c 20150408 |2 rusmarc | |
| 856 | 4 | |a znanium.com |m ebs_support@infra-m.ru |n НИЦ ИНФРА-М |u https://znanium.com/catalog/document?id=262094 | |
| 856 | 4 | 1 | |a znanium.com |d /cover/0511 |f 511087.jpg |q image/jpeg |u https://znanium.com/cover/0511/511087.jpg |